000 00444nam a2200157 a 4500
001 000031997
005 20240307073948.0
008 110707s1978 dr a 000 0 spa d
040 _aDO-SdBNP
_bspa
_cBNPHU
082 _axxxx
_bU58a
110 1 _aUniversidad Autónoma de Santo Domingo
_972951
245 1 0 _aActo de graduacción 440 aniversario.
260 _a[Santo Domingo :
_bImp.-UASD,
_c1978].
300 _a55 p. ;
_c19 p.
049 _aBNPD
999 _c31488
_d31488